[Event "Nuremberg Zabo op 02nd"]
[Site "Nuremberg"]
[Date "2000.09.24"]
[Round "4"]
[White "Klein, Markus"]
[Black "Hepting, Olga"]
[Result "1/2-1/2"]
[WhiteElo "1367"]
[BlackElo "1086"]
[PlyCount "79"]
[EventDate "2000.09.22"]
[EventType "swiss"]
[EventRounds "5"]
[EventCountry "GER"]
[SourceTitle "EXT 2001"]
[Source "ChessBase"]
[SourceDate "2000.11.22"]
[SourceVersion "1"]
[SourceVersionDate "2000.11.22"]
[SourceQuality "1"]

1. d4 Nf6 2. Nf3 g6 3. c4 Bg7 4. Nc3 0-0 5. e4 d6 6. Be2 e5 7. 0-0 Nc6 8. d5 Ne7 9. b4 Ne8 10. Nd2 f5 11. f3 f4 12. a4 g5 13. Ba3 a6 14. Qb3 h5 15. b5 a5 16. c5 b6 17. Rad1 g4 18. c6 Nf6 19. Kf2 Bh6 20. Ke1 Bg5 21. Nc4 Ng6 22. Rg1 g3 23. h3 h4 24. Bf1 Bh6 25. Qa2 Ne8 26. Ne2 Rf7 27. Qc2 Ra7 28. Rc1 Re7 29. Bb2 Bg7 30. Bc3 Rf7 31. Rb1 Re7 32. Nc1 Rf7 33. Nb3 Bf8 34. Qd2 Rg7 35. Nbxa5 bxa5 36. Bxa5 Ra8 37. b6 cxb6 38. Bxb6 Nc7 39. a5 Ba6 40. Bd3 1/2-1/2

[Event "Nuremberg Zabo op 02nd"]
[Site "Nuremberg"]
[Date "2000.09.23"]
[Round "3"]
[White "Zaudtke, Friedrich Wilhelm"]
[Black "Hepting, Olga"]
[Result "1-0"]
[WhiteElo "1490"]
[BlackElo "1086"]
[PlyCount "103"]
[EventDate "2000.09.22"]
[EventType "swiss"]
[EventRounds "5"]
[EventCountry "GER"]
[SourceTitle "EXT 2001"]
[Source "ChessBase"]
[SourceDate "2000.11.22"]
[SourceVersion "1"]
[SourceVersionDate "2000.11.22"]
[SourceQuality "1"]

1. d4 Nf6 2. c4 g6 3. Nc3 Bg7 4. e4 d6 5. Be2 0-0 6. Nf3 Nbd7 7. 0-0 e5 8. d5 Nc5 9. Bg5 h6 10. Bxf6 Bxf6 11. b4 Nd7 12. Qd2 Bg7 13. Ne1 f5 14. Nd3 f4 15. f3 Nf6 16. Rac1 Rf7 17. c5 Bd7 18. a4 Bf8 19. b5 b6 20. c6 Bc8 21. Ra1 Rg7 22. a5 g5 23. axb6 cxb6 24. Nf2 g4 25. fxg4 Nxg4 26. Bxg4 Bxg4 27. Nxg4 Rxg4 28. Rf3 Qe7 29. Na4 Rb8 30. Nb2 Ra8 31. Qc3 Rg7 32. Nd3 Rc8 33. Nb4 Qd8 34. Na6 Qe8 35. Rc1 Re7 36. Qe1 Bg7 37. Rc2 Bf6 38. Qb4 Qd8 39. Rfc3 Kh7 40. c7 Qd7 41. Nb8 Qg4 42. Rf3 Rexc7 43. Rxc7+ Rxc7 44. Nc6 Qd7 45. Qa3 Bg5 46. Qa1 Qc8 47. Ra3 Rxc6 48. bxc6 a5 49. Rb3 Qc7 50. Qa4 Bd8 51. Qb5 Kg6 52. Qa6 1-0

[Event "Bayern-ch (Women) 71st"]
[Site "Bad Koenigshofen"]
[Date "2000.09.01"]
[Round "8"]
[White "Piochacz, Petra"]
[Black "Hepting, Olga"]
[Result "1/2-1/2"]
[WhiteElo "1657"]
[BlackElo "1028"]
[PlyCount "87"]
[EventDate "2000.08.26"]
[EventType "swiss"]
[EventRounds "9"]
[EventCountry "GER"]
[SourceTitle "EXT 2015"]
[Source "ChessBase"]
[SourceDate "2014.11.20"]
[SourceVersion "1"]
[SourceVersionDate "2014.11.20"]
[SourceQuality "1"]

1. e4 c5 2. Nc3 d6 3. g3 e6 4. Bg2 Nf6 5. d3 a6 6. Be3 Qc7 7. h3 Nc6 8. f4 Be7 9. Nf3 0-0 10. Qd2 Rb8 11. a4 b5 12. axb5 axb5 13. 0-0 Bd7 14. Ra2 b4 15. Ne2 b3 16. cxb3 Rxb3 17. Nc3 Rfb8 18. Rfa1 R3b6 19. d4 cxd4 20. Nxd4 Nxd4 21. Bxd4 Rb4 22. Ba7 Rc8 23. Kh2 e5 24. fxe5 dxe5 25. Nd5 Nxd5 26. exd5 Bd6 27. Be3 Rcb8 28. Ra8 f6 29. Qc3 Qb7 30. R8a7 Qc8 31. R1a2 R4b7 32. Qxc8+ Bxc8 33. Rxb7 Rxb7 34. Ra8 Rc7 35. Bb6 Rc2 36. Ba5 Kf7 37. Ra7+ Kg6 38. b4 Rb2 39. h4 Bxb4 40. Bxb4 Rxb4 41. Rc7 Bf5 42. Rc1 Rd4 43. Re1 Rd2 44. Kg1 1/2-1/2

[Event "Bayern-ch (Women) 71st"]
[Site "Bad Koenigshofen"]
[Date "2000.08.30"]
[Round "6"]
[White "Hepting, Olga"]
[Black "Stegmaier, Erika"]
[Result "0-1"]
[WhiteElo "1028"]
[BlackElo "1498"]
[PlyCount "85"]
[EventDate "2000.08.26"]
[EventType "swiss"]
[EventRounds "9"]
[EventCountry "GER"]
[SourceTitle "EXT 2015"]
[Source "ChessBase"]
[SourceDate "2014.11.20"]
[SourceVersion "1"]
[SourceVersionDate "2014.11.20"]
[SourceQuality "1"]

1. e4 c5 2. c3 d6 3. d4 cxd4 4. cxd4 a6 5. h3 g6 6. Nf3 Bg7 7. Nc3 e6 8. Be2 Ne7 9. 0-0 0-0 10. Be3 Nbc6 11. Qd2 b5 12. Bh6 Bb7 13. Bxg7 Kxg7 14. a4 Na5 15. Qc2 Rc8 16. b4 Nc4 17. Nd2 d5 18. e5 Nf5 19. Nf3 Qb6 20. Qd3 Rc7 21. g4 Nh6 22. Nd2 Rfc8 23. Nb3 Nxe5 24. dxe5 Rxc3 25. Qd4 Qxd4 26. Nxd4 Rxh3 27. f3 Ng8 28. Kg2 Rh4 29. Rh1 Rxh1 30. Kxh1 Rc3 31. Kg2 Ne7 32. Ra2 Nc6 33. Rc2 Rxc2 34. Nxc2 Nxe5 35. Nd4 Nc4 36. Bxc4 dxc4 37. Ne2 Kf6 38. Kg3 Ke5 39. f4+ Ke4 40. Kf2 Kd3 41. g5 Kd2 42. Nd4 c3 43. Kg3 0-1

[Event "Bayern-ch (Women) 71st"]
[Site "Bad Koenigshofen"]
[Date "2000.08.29"]
[Round "5"]
[White "Wassilian, Diana"]
[Black "Hepting, Olga"]
[Result "1/2-1/2"]
[WhiteElo "757"]
[BlackElo "1028"]
[PlyCount "91"]
[EventDate "2000.08.26"]
[EventType "swiss"]
[EventRounds "9"]
[EventCountry "GER"]
[SourceTitle "EXT 2015"]
[Source "ChessBase"]
[SourceDate "2014.11.20"]
[SourceVersion "1"]
[SourceVersionDate "2014.11.20"]
[SourceQuality "1"]

1. e4 c5 2. Nf3 d6 3. d4 cxd4 4. Nxd4 Nf6 5. Nc3 a6 6. Be2 e6 7. Be3 Be7 8. 0-0 b5 9. a3 0-0 10. f4 Bb7 11. Qd3 Nc6 12. Rac1 Rc8 13. b4 Qc7 14. Bd2 Rfd8 15. Rf3 Nd7 16. Nd1 Nb6 17. Ne3 Bf6 18. Bc3 Nxd4 19. Bxd4 Bxd4 20. Qxd4 e5 21. Qd1 Bxe4 22. Rf1 Qc3 23. Bd3 Bxd3 24. Qxd3 Qxd3 25. cxd3 f6 26. fxe5 dxe5 27. Rc5 Rxc5 28. bxc5 Na4 29. c6 Nb6 30. Rd1 Rd6 31. Nf5 Rd8 32. Rc1 Nd5 33. Rc5 Nc7 34. Rc3 g6 35. Ne3 Kf7 36. Kf2 Rd6 37. Kf3 Rd8 38. Ke4 Ke6 39. h3 Rd6 40. g4 Rd8 41. h4 Rd4+ 42. Kf3 Rd8 43. Ke4 Rd4+ 44. Kf3 Rd8 45. Ke4 Rd4+ 46. Kf3 1/2-1/2

[Event "Bayern-ch (Women) 71st"]
[Site "Bad Koenigshofen"]
[Date "2000.08.27"]
[Round "2"]
[White "Hepting, Olga"]
[Black "Lorenz, Oda"]
[Result "1/2-1/2"]
[WhiteElo "1028"]
[BlackElo "1833"]
[PlyCount "64"]
[EventDate "2000.08.26"]
[EventType "swiss"]
[EventRounds "9"]
[EventCountry "GER"]
[SourceTitle "EXT 2015"]
[Source "ChessBase"]
[SourceDate "2014.11.20"]
[SourceVersion "1"]
[SourceVersionDate "2014.11.20"]
[SourceQuality "1"]

1. e4 e5 2. Nf3 Nc6 3. Bc4 Bc5 4. c3 Nf6 5. d4 exd4 6. e5 d5 7. Bb5 Ne4 8. cxd4 Bb4+ 9. Nbd2 0-0 10. Bxc6 bxc6 11. 0-0 Ba6 12. Re1 Bb5 13. a3 Ba5 14. b4 Nxd2 15. Nxd2 Bb6 16. Nb3 Ba4 17. Be3 a5 18. Qd3 axb4 19. axb4 Bb5 20. Qc3 Qe7 21. Nc5 Bxc5 22. bxc5 f6 23. Bf4 fxe5 24. Bxe5 Qh4 25. Qg3 Qh6 26. Bxc7 Qd2 27. Be5 g6 28. f3 Ra2 29. Rxa2 Qxa2 30. Qf2 Qa3 31. Qe3 Qxe3+ 32. Rxe3 Ra8 1/2-1/2

[Event "Bayern-ch (Women) 71st"]
[Site "Bad Koenigshofen"]
[Date "2000.08.26"]
[Round "1"]
[White "Weiss, Monika"]
[Black "Hepting, Olga"]
[Result "1-0"]
[WhiteElo "1624"]
[BlackElo "1028"]
[PlyCount "55"]
[EventDate "2000.08.26"]
[EventType "swiss"]
[EventRounds "9"]
[EventCountry "GER"]
[SourceTitle "EXT 2015"]
[Source "ChessBase"]
[SourceDate "2014.11.20"]
[SourceVersion "1"]
[SourceVersionDate "2014.11.20"]
[SourceQuality "1"]

1. e4 c5 2. Bc4 d6 3. f4 Nf6 4. d3 e6 5. Nf3 Nc6 6. Nc3 a6 7. a3 b5 8. Ba2 Be7 9. 0-0 0-0 10. h3 Bd7 11. Be3 Qc7 12. Rf2 b4 13. Ne2 Rab8 14. Ng3 a5 15. d4 a4 16. dxc5 dxc5 17. e5 Ne8 18. Ne4 Rb5 19. Bc4 Ra5 20. Qd3 Na7 21. Rd1 Bb5 22. Bxb5 Rxb5 23. Qd7 Qxd7 24. Rxd7 Nc8 25. g3 g6 26. axb4 cxb4 27. Nd4 Rd5 28. Rb7 1-0